[Event "Amplico ch-EUR Rapid"]
[Site "Warsaw POL"]
[Date "2012.12.16"]
[Round "11.25"]
[White "Leniart, Arkadiusz"]
[Black "Banusz, Tamas"]
[Result "0-1"]
[WhiteTitle "IM"]
[BlackTitle "GM"]
[WhiteElo "2470"]
[BlackElo "2580"]
[WhiteFideId "1124226"]
[BlackFideId "722413"]
[EventDate "2012.12.15"]

1. e4 e5 2. Nf3 Nc6 3. Bb5 a6 4. Ba4 Nf6 5. O-O Be7 6. Re1 b5 7. Bb3 d6 8. c3
O-O 9. h3 Na5 10. Bc2 c5 11. d4 Nd7 12. b3 Bb7 13. d5 Nb6 14. Bd2 Bc8 15. c4 Nb7
16. Qe2 Bd7 17. Nc3 bxc4 18. bxc4 Qc7 19. Nd1 Rfb8 20. Ne3 Be8 21. Rab1 a5 22.
Nf5 Bf8 23. Nh2 f6 24. g4 Nd8 25. g5 fxg5 26. Bxg5 Nf7 27. Bh4 g6 28. Kh1 Nd7
29. Rg1 Rxb1 30. Bxb1 Kh8 31. Qg4 Nh6 32. Nxh6 Bxh6 33. Bc2 Bg7 34. Ba4 Nf6 35.
Bxf6 Bxa4 36. Bxg7+ Qxg7 37. Qe6 Qf8 38. Kg2 Ra7 39. Ng4 Rf7 40. Rb1 Bd7 41.
Qxf7 Qxf7 42. Rb6 Bxg4 43. hxg4 0-1

[Event "Amplico ch-EUR Rapid"]
[Site "Warsaw POL"]
[Date "2012.12.16"]
[Round "11.26"]
[White "Edouard, Romain"]
[Black "Meskovs, Nikita"]
[Result "1-0"]
[WhiteTitle "GM"]
[BlackTitle "FM"]
[WhiteElo "2686"]
[BlackElo "2314"]
[WhiteFideId "633429"]
[BlackFideId "11602740"]
[EventDate "2012.12.15"]

1. e4 c5 2. Nf3 e6 3. d4 cxd4 4. Nxd4 a6 5. Nc3 Qc7 6. Bd3 Nf6 7. f4 d6 8. Qf3
Be7 9. Be3 Nbd7 10. g4 g5 11. fxg5 Ne5 12. Qe2 Nfxg4 13. Bd2 b5 14. h3 Nxd3+ 15.
cxd3 Ne5 16. Rc1 Qd8 17. Rg1 Bb7 18. Nf3 Rc8 19. a3 b4 20. axb4 Qb6 21. Rf1 Ng6
22. h4 Qxb4 23. h5 Ne5 24. Nxe5 dxe5 25. Nd1 Qb6 26. Rxc8+ Bxc8 27. Qf3 Rf8 28.
Qg3 Qc5 29. Ne3 a5 30. Nc4 Ba6 31. Qxe5 Qxe5 32. Nxe5 f6 33. gxf6 Bxf6 34. Nc4
a4 35. Nd6+ Kd7 36. Ke2 Be7 37. Rxf8 Bxf8 38. Nc4 Bxc4 39. dxc4 Kc6 40. Kd3 Bd6
41. Bc1 Be5 42. h6 Kd6 43. Kc2 Kc5 44. b3 axb3+ 45. Kxb3 Bg3 46. Be3+ Kc6 47.
Kc3 Be5+ 48. Kd3 Bf6 49. Bf4 Be7 50. Kd4 Bf6+ 51. Be5 Bg5 52. Bg7 Bf4 53. Bf8
Bg3 54. Ke3 Be5 55. Kf3 Bd4 56. Kf4 Bf6 57. Kg4 Bd4 58. Kg5 Kd7 59. Bg7 Be3+ 60.
Kf6 Kd6 61. Bf8+ Kd7 62. Kg7 Ke8 63. Bd6 Kd7 64. e5 Ke8 65. c5 Kd7 66. Kxh7 1-0

[Event "Amplico ch-EUR Rapid"]
[Site "Warsaw POL"]
[Date "2012.12.16"]
[Round "11.28"]
[White "Bartel, Mateusz"]
[Black "Deszczynski, Adam"]
[Result "1-0"]
[WhiteTitle "GM"]
[WhiteElo "2629"]
[BlackElo "2371"]
[WhiteFideId "1112635"]
[BlackFideId "1102753"]
[EventDate "2012.12.15"]

1. d4 Nf6 2. c4 g6 3. Nc3 Bg7 4. e4 d6 5. Nf3 O-O 6. Be2 e5 7. Be3 Nc6 8. d5 Ne7
9. Nd2 Ne8 10. f3 f5 11. c5 Kh8 12. Nc4 Ng8 13. h4 Bh6 14. Bf2 Ngf6 15. g4 fxg4
16. fxg4 Bf4 17. g5 Nd7 18. c6 bxc6 19. dxc6 Nb6 20. Nxb6 axb6 21. Nd5 Be6 22.
Bc4 Ng7 23. Qd3 Bxd5 24. Bxd5 Qe7 25. Rd1 Ne6 26. Qh3 Nd4 27. h5 1-0

[Event "Amplico ch-EUR Rapid"]
[Site "Warsaw POL"]
[Date "2012.12.16"]
[Round "11.29"]
[White "Dziuba, Marcin"]
[Black "Vaznonis, Vytautas"]
[Result "1-0"]
[WhiteTitle "GM"]
[BlackTitle "IM"]
[WhiteElo "2602"]
[BlackElo "2394"]
[WhiteFideId "1112953"]
[BlackFideId "12802069"]
[EventDate "2012.12.15"]

1. d4 d5 2. c4 c6 3. Nf3 Nf6 4. e3 Bf5 5. Nc3 e6 6. Nh4 Bg6 7. Be2 Nbd7 8. O-O
Be7 9. g3 O-O 10. Nxg6 hxg6 11. b3 a6 12. Bb2 b5 13. Bf3 bxc4 14. bxc4 Rb8 15.
Rb1 Nb6 16. c5 Nc4 17. Ba1 Rxb1 18. Nxb1 Qa5 19. Qc2 Rb8 20. Bc3 Qc7 21. Be2 g5
22. Nd2 g6 23. Nxc4 Kg7 24. f3 Qb7 25. e4 Kg8 26. Nd2 e5 27. Rb1 Qa7 28. Rxb8+
Qxb8 29. Qb3 Qa7 30. Qb6 Qd7 31. Qb8+ Ne8 1-0

[Event "Amplico ch-EUR Rapid"]
[Site "Warsaw POL"]
[Date "2012.12.16"]
[Round "11.30"]
[White "Swiercz, Dariusz"]
[Black "Przedmojski, Rafal"]
[Result "1-0"]
[WhiteTitle "GM"]
[WhiteElo "2627"]
[BlackElo "2359"]
[WhiteFideId "1126881"]
[BlackFideId "1102451"]
[EventDate "2012.12.15"]

1. Nf3 Nf6 2. c4 e6 3. Nc3 d5 4. e3 Bb4 5. Qc2 O-O 6. a3 Bxc3 7. Qxc3 b6 8. b3
c5 9. Bb2 Bb7 10. Be2 Nbd7 11. O-O Re8 12. d4 Ne4 13. Qc2 Rc8 14. Rfd1 cxd4 15.
Rxd4 Qe7 16. Rc1 e5 17. Rdd1 dxc4 18. bxc4 Nec5 19. Ra1 Be4 20. Qd2 Bc6 21. Qb4
f6 22. Nh4 g6 23. Bf3 a5 24. Qc3 Na4 25. Qc2 Nxb2 26. Qxb2 e4 27. Be2 Qe5 1-0

[Event "Amplico ch-EUR Rapid"]
[Site "Warsaw POL"]
[Date "2012.12.16"]
[Round "11.31"]
[White "Stocek, Jiri"]
[Black "Pavlidis, Anastasios"]
[Result "1-0"]
[WhiteTitle "GM"]
[BlackTitle "FM"]
[WhiteElo "2557"]
[BlackElo "2351"]
[WhiteFideId "304760"]
[BlackFideId "4208404"]
[EventDate "2012.12.15"]

1. d4 Nf6 2. c4 g6 3. Nc3 Bg7 4. e4 d6 5. f4 O-O 6. Nf3 c5 7. d5 a6 8. a4 e5 9.
Bd3 exf4 10. Bxf4 Nh5 11. Bg5 Qb6 12. Qd2 Bg4 13. Nh4 Nd7 14. h3 Ng3 15. Rg1 Bh5
16. Kf2 f5 17. exf5 Nxf5 18. Nxf5 gxf5 19. a5 Qc7 20. Rgf1 f4 21. Kg1 Bd4+ 22.
Kh1 Be3 23. Qc2 Ne5 24. Bf5 Bg6 25. Bxg6 hxg6 26. Nd1 1-0

[Event "Amplico ch-EUR Rapid"]
[Site "Warsaw POL"]
[Date "2012.12.16"]
[Round "11.32"]
[White "Shirazi, Kamran"]
[Black "Papin, Vasily"]
[Result "0-1"]
[WhiteTitle "IM"]
[BlackTitle "GM"]
[WhiteElo "2383"]
[BlackElo "2561"]
[WhiteFideId "2000733"]
[BlackFideId "4143183"]
[EventDate "2012.12.15"]

1. Nf3 c5 2. g3 b6 3. Bg2 Bb7 4. O-O Nf6 5. d3 e6 6. e4 d6 7. c4 Be7 8. Nc3 a6
9. e5 dxe5 10. Nxe5 Bxg2 11. Kxg2 O-O 12. Qf3 Ra7 13. Rd1 Nfd7 14. Bf4 Nxe5 15.
Bxe5 Rd7 16. Ne2 Bf6 17. Bxb8 Qxb8 18. Rab1 Rfd8 19. b4 Qc7 20. a4 h6 21. Rb3
Rd6 22. bxc5 Qxc5 23. Qb7 Qa5 24. Rdb1 0-1

[Event "Amplico ch-EUR Rapid"]
[Site "Warsaw POL"]
[Date "2012.12.16"]
[Round "11.33"]
[White "Yakovich, Yuri"]
[Black "Mikrut, Dariusz"]
[Result "1-0"]
[WhiteTitle "GM"]
[BlackTitle "IM"]
[WhiteElo "2517"]
[BlackElo "2351"]
[WhiteFideId "4100654"]
[BlackFideId "1112791"]
[EventDate "2012.12.15"]

1. d4 Nf6 2. c4 g6 3. Nc3 Bg7 4. e4 d6 5. Be2 O-O 6. Bg5 Na6 7. Nf3 Qe8 8. O-O
e5 9. c5 exd4 10. Bxf6 Bxf6 11. Nd5 Bd8 12. Bxa6 c6 13. Qxd4 cxd5 14. Qxd5 dxc5
15. Bxb7 Bxb7 16. Qxb7 Bf6 17. Rab1 Qa4 18. e5 Bg7 19. Qd5 Rad8 20. Qxc5 Qxa2
21. b3 Rfe8 22. h3 Rc8 1-0

[Event "Amplico ch-EUR Rapid"]
[Site "Warsaw POL"]
[Date "2012.12.16"]
[Round "11.38"]
[White "Gorovets, Andrey"]
[Black "Vedrickas, Tautvydas"]
[Result "1-0"]
[WhiteTitle "IM"]
[BlackTitle "FM"]
[WhiteElo "2474"]
[BlackElo "2261"]
[WhiteFideId "13504037"]
[BlackFideId "12802654"]
[EventDate "2012.12.15"]

1. c4 Nf6 2. Nc3 d6 3. d4 g6 4. e4 Bg7 5. Be2 O-O 6. Bg5 c6 7. Qd2 a6 8. Nf3 b5
9. a3 d5 10. cxd5 cxd5 11. Bxf6 exf6 12. Nxd5 f5 13. Nc3 fxe4 14. Nxe4 Bb7 15.
Nc5 Bxf3 16. Bxf3 Re8+ 17. Kf1 Ra7 18. Rd1 Rc7 19. b4 Qf6 20. d5 Rd8 21. d6 Ra7
22. Nb7 Rd7 23. Qe3 Raxb7 24. Bxb7 Rxb7 25. Qe8+ Bf8 26. Qc8 Rb6 27. d7 Nxd7 28.
Qxd7 Qb2 29. h4 Qxa3 30. h5 Qxb4 31. hxg6 hxg6 32. Qh3 1-0

[Event "Amplico ch-EUR Rapid"]
[Site "Warsaw POL"]
[Date "2012.12.16"]
[Round "11.39"]
[White "Dragun, Kamil"]
[Black "Bartel, Michal"]
[Result "1-0"]
[WhiteTitle "IM"]
[BlackTitle "FM"]
[WhiteElo "2461"]
[BlackElo "2273"]
[WhiteFideId "1134167"]
[BlackFideId "1119257"]
[EventDate "2012.12.15"]

1. c4 e5 2. g3 f5 3. Bg2 Nf6 4. Nf3 d6 5. b4 g6 6. Nc3 Bg7 7. Qb3 a5 8. b5 Nbd7
9. Na4 Qe7 10. O-O e4 11. Nd4 h5 12. d3 Ng4 13. Bb2 e3 14. f3 Nge5 15. f4 Ng4
16. h3 Ngf6 17. h4 Ng4 18. Ne6 Qxe6 19. Bxg7 Rh7 20. Bd4 Rb8 21. b6 c6 22. Bc3
g5 23. fxg5 Nde5 24. d4 Nxc4 25. Nb2 Nxb2 26. d5 cxd5 27. Bxb2 d4 28. Bxd4 Qxb3
29. axb3 Kf7 30. Bd5+ Kg6 31. Rxa5 Re7 32. Rc1 Be6 33. Rc7 Rbe8 34. Bxe6 Rxe6
35. Rg7# 1-0

[Event "Amplico ch-EUR Rapid"]
[Site "Warsaw POL"]
[Date "2012.12.16"]
[Round "11.40"]
[White "Rogule, Laura"]
[Black "Djuric, Stefan"]
[Result "1-0"]
[WhiteTitle "WGM"]
[BlackTitle "GM"]
[WhiteElo "2306"]
[BlackElo "2471"]
[WhiteFideId "11601876"]
[BlackFideId "900133"]
[EventDate "2012.12.15"]

1. c4 g6 2. Nc3 c5 3. g3 Bg7 4. Bg2 Nc6 5. e4 d6 6. Nge2 Nf6 7. O-O O-O 8. Rb1
Ne8 9. a3 a5 10. Nb5 Bd7 11. b3 Qb6 12. d3 Nc7 13. a4 Na6 14. Nf4 Qd8 15. Be3
Nd4 16. Qd2 Nb4 17. Nd5 Nbc6 18. f4 e6 19. Ndc3 Qe7 20. g4 f5 21. gxf5 gxf5 22.
Kh1 Kh8 23. Ne2 Rf7 24. Ng3 Rg8 25. Nh5 Nxb5 26. axb5 Nd4 27. Qxa5 Nc2 28. Bf2
Bd4 29. Qd2 Bxf2 30. Qxf2 Nd4 31. Rg1 Be8 32. e5 dxe5 33. fxe5 Rg5 34. Bf3 f4
35. Rxg5 Qxg5 36. Nf6 Rf8 37. Rg1 Qxe5 38. Nxh7 Rg8 39. Be4 Rxg1+ 40. Kxg1 f3
41. Qh4 Bg6 42. Nf8+ Bh5 43. Ng6+ Kg7 44. Nxe5 Ne2+ 45. Kf2 1-0

[Event "Amplico ch-EUR Rapid"]
[Site "Warsaw POL"]
[Date "2012.12.16"]
[Round "11.41"]
[White "Akesson, Ralf"]
[Black "Plichta, Kamil"]
[Result "1-0"]
[WhiteTitle "GM"]
[WhiteElo "2441"]
[BlackElo "2177"]
[WhiteFideId "1700120"]
[BlackFideId "1141830"]
[EventDate "2012.12.15"]

1. d4 Nf6 2. c4 g6 3. Nc3 Bg7 4. e4 d6 5. f3 O-O 6. Be3 c5 7. Nge2 Nc6 8. d5 Ne5
9. Ng3 h5 10. Be2 h4 11. Nf1 e6 12. Nd2 exd5 13. cxd5 Re8 14. O-O Rb8 15. a4 a6
16. Bg5 h3 17. g4 c4 18. Nxc4 Nxc4 19. Bxc4 Bd7 20. Rf2 b5 21. axb5 axb5 22. Bf1
Qb6 23. Qd3 Ra8 24. Rxa8 Rxa8 25. Be3 Qd8 26. Nxb5 Bxb5 27. Qxb5 Nd7 28. Bxh3
Ne5 29. Bg2 Qc7 30. Rf1 Rb8 31. Qa6 Rxb2 32. Rc1 Qe7 33. g5 Kh7 34. Qc8 Re2 35.
Qh3+ Kg8 36. Rc8+ Bf8 37. f4 Re1+ 38. Bf1 Qd7 39. Qxd7 Nxd7 40. Kf2 Ra1 41. Bb5
Ra2+ 42. Kf3 Nb6 43. Bxb6 Rb2 44. Bd8 1-0

[Event "Amplico ch-EUR Rapid"]
[Site "Warsaw POL"]
[Date "2012.12.16"]
[Round "11.43"]
[White "Fargere, Francois"]
[Black "Rjabzev, Konstantin"]
[Result "1-0"]
[WhiteTitle "GM"]
[BlackTitle "IM"]
[WhiteElo "2446"]
[BlackElo "2287"]
[WhiteFideId "615935"]
[BlackFideId "4150015"]
[EventDate "2012.12.15"]

1. e4 e5 2. Nf3 Nc6 3. Bb5 a6 4. Bxc6 dxc6 5. O-O f6 6. d4 exd4 7. Nxd4 c5 8.
Ne2 Qxd1 9. Rxd1 Bd7 10. Nbc3 O-O-O 11. Be3 b6 12. f3 Ne7 13. Kf2 Ng6 14. a4 a5
15. Nd5 Bc6 16. c4 Bd6 17. b3 Rhe8 18. Ra2 Bf8 19. Rad2 Bxd5 20. Rxd5 c6 21.
Rxd8+ Rxd8 22. Rxd8+ Kxd8 23. f4 Kd7 24. Nc1 Ne7 25. Nd3 f5 26. Kf3 g6 27. h3
Bg7 28. g4 Ke6 29. Bf2 Nc8 30. e5 Bf8 31. Bh4 Kd7 32. Ke3 Ke6 33. Bf6 h6 34. Kf3
Kd7 35. Ke3 Ke6 36. Bh4 Kd7 37. Ne1 Ke6 38. Nf3 Bg7 39. Bd8 Kd7 40. Bf6 Bxf6 41.
exf6 Ke6 42. g5 hxg5 43. fxg5 Nd6 44. Kf4 b5 45. Ne5 b4 46. h4 Ne4 47. Nxc6 Nc3
48. Nd8+ Kd7 49. f7 Ke7 50. h5 Ne2+ 51. Ke5 f4 52. hxg6 1-0

[Event "Amplico ch-EUR Rapid"]
[Site "Warsaw POL"]
[Date "2012.12.16"]
[Round "11.44"]
[White "Sieciechowicz, Marcin"]
[Black "Piesik, Piotr"]
[Result "1-0"]
[WhiteTitle "IM"]
[WhiteElo "2443"]
[BlackElo "2176"]
[WhiteFideId "1130170"]
[BlackFideId "1136194"]
[EventDate "2012.12.15"]

1. d4 c5 2. d5 e5 3. e4 d6 4. Nc3 Be7 5. f4 exf4 6. Bxf4 Bg5 7. Bxg5 Qxg5 8. Nf3
Qe7 9. Bb5+ Nd7 10. e5 a6 11. Bxd7+ Bxd7 12. Ne4 dxe5 13. d6 Qd8 14. O-O Nh6 15.
Nxe5 O-O 16. Nxc5 Be6 17. Nxe6 fxe6 18. Rxf8+ Qxf8 19. c4 b6 20. Nc6 Nf7 21.
Ne7+ Kh8 22. b4 Ne5 23. Qh5 Qf4 24. Rd1 Rf8 25. h3 Qg3 26. Kh1 g6 27. Qh6 Rf2
28. Rg1 Nd7 29. Nc8 Rf4 30. Nxb6 Rh4 31. Qxh4 Qxh4 32. Nxd7 Qxc4 33. Ne5 Qd5 34.
d7 Kg7 35. Rf1 h5 36. a4 g5 37. b5 axb5 38. axb5 g4 39. h4 g3 40. b6 Qd4 41. Nf3
Qxd7 42. Rb1 Qb7 43. Kg1 Qe4 44. Nd2 Qd4+ 45. Kh1 Qxh4+ 46. Kg1 Qh2+ 47. Kf1
Qh1+ 48. Ke2 Qxg2+ 49. Ke3 Qf2+ 50. Kd3 Qf5+ 51. Ne4 g2 52. b7 Qd5+ 53. Ke3 Qxb7
54. Rxb7+ Kg6 55. Kf2 Kf5 56. Ng3+ 1-0

[Event "Amplico ch-EUR Rapid"]
[Site "Warsaw POL"]
[Date "2012.12.16"]
[Round "11.46"]
[White "Tomczak, Mikolaj"]
[Black "Laurusas, Tomas"]
[Result "0-1"]
[WhiteElo "1947"]
[BlackElo "2413"]
[WhiteFideId "1175114"]
[BlackFideId "12803731"]
[EventDate "2012.12.15"]

1. e4 c5 2. Nf3 e6 3. d4 cxd4 4. Nxd4 a6 5. Bd3 Bc5 6. Nb3 Be7 7. O-O Qc7 8. Nc3
Nf6 9. Be3 d6 10. f4 Nbd7 11. Qf3 b6 12. Rae1 Bb7 13. Kh1 g6 14. Qh3 h5 15. f5
gxf5 16. exf5 e5 17. Nd2 O-O-O 18. Nde4 Ng4 19. f6 Bf8 20. Ng5 Rg8 21. Bc1 Kb8
22. Be4 Ndxf6 23. Bxb7 Qxb7 24. Nce4 Nxe4 25. Nxe4 d5 26. Nf6 Rg6 27. Nxg4 hxg4
28. Qh7 Bg7 29. Qh5 Qd7 30. Qh4 Rh8 31. Qg3 Kb7 32. Rf2 f5 33. Rxe5 Bxe5 34.
Qxe5 Re6 35. Qc3 g3 36. Rf4 0-1

[Event "Amplico ch-EUR Rapid"]
[Site "Warsaw POL"]
[Date "2012.12.16"]
[Round "11.47"]
[White "Erdos, Viktor"]
[Black "Berzina, Ilze"]
[Result "1-0"]
[WhiteTitle "GM"]
[BlackTitle "WGM"]
[WhiteElo "2640"]
[BlackElo "2292"]
[WhiteFideId "719978"]
[BlackFideId "11601345"]
[EventDate "2012.12.15"]

1. d4 d5 2. Nf3 c6 3. c4 e6 4. Nc3 dxc4 5. Bg5 f6 6. Bd2 b5 7. a4 Bd7 8. g3 Ne7
9. Bg2 Nd5 10. e4 Nb4 11. O-O Be7 12. b3 cxb3 13. Qxb3 a5 14. d5 bxa4 15. Qc4
exd5 16. exd5 cxd5 17. Nxd5 Nxd5 18. Qxd5 Bc6 19. Qh5+ g6 20. Qh6 Kf7 21. Bc3
Qf8 22. Qh4 Kg7 23. Ng5 Qc8 24. Rfe1 Ra7 25. Bh3 Qa6 26. Rxe7+ Rxe7 27. Bxf6+
Kxf6 28. Ne4+ Kf7 29. Qf6+ Kg8 30. Qxe7 1-0

[Event "Amplico ch-EUR Rapid"]
[Site "Warsaw POL"]
[Date "2012.12.16"]
[Round "11.49"]
[White "Skawinski, Arkadiusz"]
[Black "Kovalev, Denis"]
[Result "1/2-1/2"]
[WhiteTitle "FM"]
[BlackTitle "IM"]
[WhiteElo "2239"]
[BlackElo "2512"]
[WhiteFideId "1126415"]
[BlackFideId "14104059"]
[EventDate "2012.12.15"]

1. e4 c6 2. d4 d5 3. exd5 cxd5 4. c4 Nf6 5. Nc3 Nc6 6. Nf3 e6 7. cxd5 Nxd5 8.
Bd3 Be7 9. O-O O-O 10. Qe2 Nf6 11. Bg5 Nxd4 12. Nxd4 Qxd4 13. Rfd1 Qc5 14. Be3
Qh5 15. Qxh5 Nxh5 16. Nb5 Rb8 17. Be2 Nf6 18. Bf4 Ra8 19. Nc7 Rb8 20. Nd5 Nxd5
21. Bxb8 Bf6 22. Bxa7 Bxb2 23. Rab1 Bf6 24. Bd4 Be7 25. Bf3 Rd8 26. Bb6 Nxb6 27.
Rxb6 Rxd1+ 28. Bxd1 Bc5 29. Rb1 b6 30. a4 Bd7 31. Rc1 Bd6 32. Ra1 Kf8 33. Be2
Ke7 34. Bb5 Bc8 35. a5 bxa5 36. Rxa5 e5 37. Ra7+ Kf6 38. Bc4 Be6 39. Bxe6 Kxe6
40. Ra6 h5 41. f3 Kd5 42. Kf2 Bc5+ 43. Kg3 Be7 44. Ra5+ Ke6 45. Kf2 Kf5 46. Rb5
Bg5 47. g3 Be7 48. h3 g6 49. f4 Bd6 50. Kf3 Ke6 51. fxe5 1/2-1/2